Mieux-Tayc - Statistiques

Statistiques générales
  • Ce quiz a été pris 99 fois
  • Le résultat moyen est 163 sur 200
Statistiques - réponses
Réponse % Correct
a
94%
à
94%
me
94%
pas
94%
fini
92%
même
92%
nos
92%
On
92%
on
92%
pu
92%
reparler
92%
toi
92%
peu
90%
trop
90%
un
90%
verres
90%
est
88%
je
88%
Je
88%
le
88%
l'on
88%
Mais
88%
mieux
88%
temps
88%
Tu
88%
tu
88%
peut-être
86%
sans
86%
tellement
86%
fait
84%
long
84%
n'a
82%
Personne
82%
su
82%
bien
80%
comme
80%
faire
80%
homme
80%
mal
80%
que
80%
rire
80%
sais
80%
voulais
80%
aucun
78%
aurait
78%
d'un
78%
la
78%
nuit
78%
vrai
78%
Et
76%
Pourquoi
76%
qu'on
76%
Seulement
76%
vivre
76%
ça
75%
faux
75%
n'vois
75%
dis
73%
n'dis
73%
père
73%
prêt
73%
défauts
71%
fais
71%
fiers
71%
oui
71%
sonne
71%
beaux
69%
d'une
69%
femme
69%
nous
69%
n'tai
69%
regarder
69%
ton
69%
d'tes
67%
Lui-même
67%
qu'il
67%
sont
67%
J'ai
65%
J'aurais
65%
parlé
65%
quand
65%
ses
65%
terre
65%
Tous
65%
vraie
65%
oh
63%
sûrement
63%
C'est
61%
trouvais
61%
espoirs
59%
m'le
59%
n'm'as
59%
déjà
57%
abstractions
49%
Aucun quiz correspondant
Distribution des résultats
% des personnes avec chaque résultat
Percentile par nombre de réponses
Votre historique - résultats
Vous n’avez pas pris ce quiz